01007nam a2200241 a 450000100100000000500170001000800410002704000250006804100380009308200140013110000330014524000420017824501650022026000380038530000330042353400640045670000280052070000420054870000300059004900100062095201180063099900170074800002618620200930024356.0110303s1981 mx a r 000 0 spa d aDO-SdBNPbspacBNPHU17aspaheng2Código de idioma MARC aNNNbO41c1 aOkun, Arthur M.dO41c95319610aCuring chronic inflation.lEspañol.10aCuración de la inflación crónica /cArthur M. Okun y George L. Perry ; traducción al español de Carlos Villegas García ; prefacio Bruce K. MacLaury. aMeéxico, D. F. :bNOEMA,c1981. a247, [1] p. :bil. ;c21 cm. aTítulo de la obra en inglés:tCuring chronic inflation.1 aPerry, George L.9531971 aVillegas García, Carlosetr.9470341 aMacLaury, Bruce K.953198 aBNPHU 001054708MOaGRbGRcCTd2011-03-03iLF1l0oNNN O41cp26186-10r2020-06-25w2020-06-25y4ZPréstamo en sala c25678d25678